Сагайдачний (Запис № 17707)

000 -Маркер запису
Контрольне поле сталої довжини 01776nam a22002537a 4500
003 - Належність контрольного номера
Контрольне поле Uzh_bibl
008 - Кодовані дані
Контрольне поле сталої довжини 260511b |||||||| |||| 00| 0 ukr d
020 ## - Індекс ISBN
ISBN 978-966-481-483-3
Ціна 55.00
040 ## - Джерело каталогіз.
Код мови каталог. укр.
041 ## - Код мови видання
Код мови оригіналу українська
Код мови тексту українська
080 ## - Індекс УДК
Індекс УДК 821(477)
090 ## - Шифри
Поличний індекс 821(477)
Авторський знак Ч 15
100 ## - Автор
Автор Чайковський ,Андрій
245 ## - Назва
Назва Сагайдачний
Фізичний носій Текст
260 ## - Вихідні дані
Місце видання Донецьк
Видавництво ТОВ "ВКФ "БАО"
Дата видання 2011
300 ## - Фізичний опис
Обсяг 480 с.
Тип одиниці В опр.
520 ## - Анотація
Анотація Роман видатного українського письменника Андрія Чайковського описує історичні події кінця XVII початок XVII століття,пов'язані з іменем славного гетьмана Петра Конашевича -Сагайдачного.Цей видатний військовий діяч уславив своє ім'я успішними походами на Кримське ханство та Османську імперію.Він підтримував церкву і сприяв культурному розвитку України.<br/>Роман "Cагайдачний" став набутком вітчизняної літератури,а його автор зайняв одне з почесних місць серед кращих романістів історичного жанру.
521 ## - Примітка про цільове призначення
Примітка про цільове призначення Для широкого кола читачів
546 ## - Примітка про мову
Примітка про мову укр.
650 ## - Тематичні рубрики
Основна рубрика Літературно-художнє видання
653 ## - Ключові слова
Ключові слова Гетьман
-- Походи
-- Кримське ханство
655 ## - Термін індексування — жанр/форма
Жанр/форма Проза
Типове ділення Роман
Хронологічне ділення кінецьXVI-початокXVII
Географічне діленння Україна,Туреччина
942 ## - ADDED ENTRY ELEMENTS (KOHA)
Джерело класифікації чи схема поличного розташування
Koha item type Книги
Фонди
Статус вилучення Статус втрати/відсутності Джерело класифікації чи схема поличного розташування Статус пошкодження Тип обігу (не для випозичання) Постійне розташування Поточне розташування Розташування у відділі Дата надходження Інвентарний номер Total Checkouts Повний (примірниковий) шифр зберігання Штрих-код Date last seen Дата, для якої чинна ціна заміни Тип одиниці (рівень примірника)
          Бібліотека-філія №3 Бібліотека-філія №3 Абонемент старший відділ 11/05/2026 65496   821(477) 4231 11/05/2026 11/05/2026 Книги

Працює на АБІС Коха